00278nam a2200121Ia 4500008004100000041001200041082001100053100001800064245001900082260003500101300000800136650001200144221030s9999 xx 000 0 und d aEnglish a105.23 aL. R. Hubbard 0aDianetics : 55 bNew Era Pub.aCaliforniac2007 a343 aGeneral